LIBRARY ONLINE CATALOGUE

Dar es Salaam : (Record no. 13535)

MARC details
000 -LEADER
fixed length control field 00596nam a22001932 4500
001 - CONTROL NUMBER
control field 0000012864
005 - DATE AND TIME OF LATEST TRANSACTION
control field 20151217155853.0
008 - FIXED-LENGTH DATA ELEMENTS--GENERAL INFORMATION
fixed length control field 090325s xx 000 0 eng d
040 ## - CATALOGING SOURCE
Original cataloging agency KABU
Transcribing agency KABU
245 10 - TITLE STATEMENT
Title Dar es Salaam :
Remainder of title city, port and region /
Statement of responsibility, etc. J. E. G. Sutton, editor.
250 ## - EDITION STATEMENT
Edition statement 1st ed.
260 ## - PUBLICATION, DISTRIBUTION, ETC. (IMPRINT)
Place of publication, distribution, etc. Dar es Salaam :
Name of publisher, distributor, etc. Tanzania Society,
Date of publication, distribution, etc. 1970.
300 ## - PHYSICAL DESCRIPTION
Extent ix, 213 p.
651 #0 - SUBJECT ADDED ENTRY--GEOGRAPHIC NAME
Geographic name Dar es Saalam (Tanzania)
-- 0000169831
700 1# - ADDED ENTRY--PERSONAL NAME
Personal name Sutton, J. E. G.
-- 0000169832
852 1# - LOCATION
-- p300 KES
908 ## - PUT COMMAND PARAMETER (RLIN)
Put command parameter 090325
950 ## - LOCAL HOLDINGS (RLIN)
-- 1
Holdings
Withdrawn status Lost status Source of classification or shelving scheme Not for loan Home library Current library Date acquired Total Checkouts Full call number Barcode Date last seen Price effective from Koha item type
    Library of Congress Classification   Kabarak, Main Campus Kabarak, Main Campus 17/12/2015   DT449 .D37S8 1970 c. 1 17333 17/12/2015 17/12/2015 Africana Collection